Normal view
MARC view
- Protección del patrimonio cultural
Entry Materia
001 - NÚMERO DE CONTROL DEL REGISTRO
- campo de control: 19285
003 - IDENTIFICADOR DE NUMERO DE CONTROL
- campo de control: MX-MxUPN
005 - FECHA Y HORA DE LA ÚLTIMA TRANSACCIÓN
- campo de control: 20250703100102.0
008 - DATOS DE LONGITUD FIJA
- campo de control de longitud fija: 250703n| acnnnbabn a ana |d
035 ## - NÚMERO DE CONTROL DEL SISTEMA
- Número de control del sistema: UPN10000019294
040 ## - FUENTE DE LA CATALOGACIÓN
- Centro catalogador de origen: MX-MxUPN
- Lengua de catalogación: spa
- Agencia de transcripción: MX-MxUPN
150 ## - ENCABEZAMIENTO - TEMÁTICO
- Término de materia o nombre geográfico como elemento inicial: Protección del patrimonio cultural
450 ## - VÉASE - MATERIA
- Encabezamiento temático: Bienes culturales, Protección de
450 ## - VÉASE - MATERIA
- Encabezamiento temático: Patrimonio cultural - Protección
450 ## - VÉASE - MATERIA
- Encabezamiento temático: Protección de bienes culturales
450 ## - VÉASE - MATERIA
- Encabezamiento temático: Tesoros artísticos, Protección de
670 ## - FUENTE EN LA QUE SE LOCALIZARON DATOS
- Cita de la fuente: A/P
902 ## - CATALOGADOR
- Catalogador: MMA/181011
